000 00239nam a22001097a 4500
020 _a0-7214-1572-5
082 _a823
_bHUN/S
245 _aTHE SLY FOX AND RED HEN
260 _aUK
_bLADY BIRD
650 _aENGLISH SHORT STORY
_zUK
942 _cBK
999 _c2100
_d2100